Barriadas de Huelva - Estadísticas

Estadísticas generales
  • Esta prueba ha sido intentada 181 veces
  • La puntuación promedio es 19 de 49
Respuestas en el mapa
Las respuestas están codificadas por una escala verde-roja en el mapa de la prueba según el % correcto abajo.
 
Estadísticas de respuestas
Respuesta % Correcto
ZONA CENTRO
88%
LA ORDEN
84%
ALCALDE DIEGO SAYAGO EL TORREJON
82%
BARRIADA DEL CARMEN
64%
BARRIADA SAN ANTONIO
64%
LOS ROSALES
62%
BARRIADA EL POLVORIN
61%
MOLINO DE LA VEGA
59%
PESCADERIA
58%
REINA VICTORIA BARRIO OBRERO
58%
PEREZ CUBILLAS
56%
BARRIADA DE LA NAVIDAD
55%
BARRIADA DE LAS COLONIAS
55%
BARRIADA EL MATADERO
55%
EL CONQUERO
53%
LA HISPANIDAD
48%
SANTA MARTA
47%
ZAFRA
47%
PARQUE MORET
45%
VERDELUZ
42%
BARRIADA DE LA CINTA
40%
POLIGONO SAN SEBASTIAN
39%
SAN SEBASTIAN
39%
ADORATRICES
38%
BARRIADA TRES VENTANAS
38%
BARRIADA CARDEÑAS
36%
VIAPLANA
35%
EL HIGUERAL
34%
MARISMAS DEL ODIEL
34%
HUERTA MENA
29%
BARRIADA DE JOSE ANTONIO
25%
VISTALEGRE
24%
BARRIADA DE NUESTRA SEÑORA DEL ROCIO
22%
BARRIADA DE TARTESSOS
20%
GUADALUPE
20%
BARRIADA SANTA LUCIA
19%
LA FLORIDA
18%
PRINCIPE FELIPE
18%
PRINCIPE JUAN CARLOS
18%
BARRIADA DE BALBUENO
16%
BARRIADA DE JESUS
16%
VICENTE YAÑEZ PINZON
16%
SANTA MARIA DEL PILAR
15%
BARRIADA EL SEMINARIO
14%
PINAR DE BALBUENO
14%
JARDINES SIERRA DE HUELVA
13%
LA RIBERA Y ALQUERIA
11%
MARTIN ALONSO PINZON
11%
BARRIADA DE LA CONDESA
10%
No se encontraron pruebas coincidentes
Distribución de puntuación
Porcentaje de gente con cada puntuación
Porcentaje por número respondido
Historial de tus puntuaciones
No has intentado esta prueba.